Sử dụng nước thải biogas với vật liệu nạp phân bò tưới lúa trồng trên đất phù sa Thốt Nốt - Cần Thơ : Luận văn tốt nghiệp Cao học. Chuyên ngành Khoa học môi trường

Đánh giá tiềm năng sử dụng nước thải biogas từ phân bò để trồng lúa nhằm hạn chế đưa nước thải sau túi ủ biogas vào nguồn tiếp nhận và giảm lượng phân bón hóa học bón cho cây lúa

Saved in:
Bibliographic Details
Main Author: Nguyễn, Đình Thi
Format: Book
Language:Undetermined
Published: Cần Thơ Trường Đại học Cần Thơ 2017
Subjects:
Tags: Add Tag
No Tags, Be the first to tag this record!
Institutions: Trung tâm Học liệu Trường Đại học Cần Thơ
LEADER 01143nam a2200205Ia 4500
001 CTU_224952
008 210402s9999 xx 000 0 und d
082 |a 631.86 
082 |b Th300 
100 |a Nguyễn, Đình Thi 
245 0 |a Sử dụng nước thải biogas với vật liệu nạp phân bò tưới lúa trồng trên đất phù sa Thốt Nốt - Cần Thơ : 
245 0 |b Luận văn tốt nghiệp Cao học. Chuyên ngành Khoa học môi trường 
245 0 |c Nguyễn Đình Thi ; Bùi Thị Nga (Cán bộ hướng dẫn) 
260 |a Cần Thơ 
260 |b Trường Đại học Cần Thơ 
260 |c 2017 
520 |a Đánh giá tiềm năng sử dụng nước thải biogas từ phân bò để trồng lúa nhằm hạn chế đưa nước thải sau túi ủ biogas vào nguồn tiếp nhận và giảm lượng phân bón hóa học bón cho cây lúa 
650 |a Biofertilizers,Phân bón hữu cơ 
910 |b nthai 
980 |a Trung tâm Học liệu Trường Đại học Cần Thơ